000 00654nam a2200265Ia 4500
005 20260121165302.0
008 008 260114s9999 xx 000 0 eng d
020 _a9789812875761
037 _aEBOOK
040 _aCRL
040 _beng
040 _cCRL
041 _2eng
041 _aeng
084 _qCRL
100 _aRonnel B. King, Allan B. I. Bernardo
_91049802
245 4 _aThe Psychology of Asian Learners
260 _bSpringer
260 _bSpringer
260 _c2016
856 _uhttps://link.springer.com/openurl?genre=book&isbn=978-981-287-576-1
942 _cEBOOK
999 _c1615527
_d1615527